Los sistemas nacionales de indicadores como instrumentos de transparencia : limitaciones y posibilidades (Record no. 170137)
[ view plain ]
| 000 -CABECERA | |
|---|---|
| campo de control de longitud fija | 01876nab a2200289 a 4500 |
| 005 - FECHA Y HORA DE LA ÚLTIMA TRANSACCIÓN | |
| campo de control | 20230829063546.0 |
| 008 - ELEMENTOS DE LONGITUD FIJA--INFORMACIÓN GENERAL | |
| campo de control de longitud fija | 991125s1985 mx 000 0 spa u |
| 035 ## - NÚMERO DE CONTROL DEL SISTEMA | |
| Número de control de sistema | UPN01000198036 |
| 049 ## - COLECCIÓN | |
| Colección | ART-E |
| 100 1# - ASIENTO PRINCIPAL--NOMBRE PERSONAL | |
| Nombre de persona | Martínez Rizo, Felipe, |
| Fechas asociadas al nombre | 1946- |
| 9 (RLIN) | 29172 |
| 222 #0 - TÍTULO CLAVE | |
| Título clave | PARTICIPACION EDUCATIVA : |
| Información calificativa | REVISTA DEL CONSEJO ESCOLAR DEL ESTADO |
| 245 04 - MENCIÓN DE TÍTULO | |
| Título | Los sistemas nacionales de indicadores como instrumentos de transparencia : limitaciones y posibilidades |
| 260 ## - PUBLICACIÓN, DISTRIBUCIÓN, ETC. | |
| Lugar de publicación, distribución, etc. | España |
| 300 ## - DESCRIPCIÓN FÍSICA | |
| Extensión | 67-73 |
| 362 0# - FECHAS DE PUBLICACIÓN Y/O DESIGNACIÓN SECUENCIAL | |
| Fecha de publicación y/o designación secuencial | 2014, No. 3, dic. |
| 336 ## - TIPO DE CONTENIDO | |
| Término de tipo de contenido | texto$2rdacontent |
| 337 ## - TIPO DE MEDIO | |
| Nombre/término del tipo de medio | computadora$2rdamedia |
| 338 ## - TIPO DE SOPORTE | |
| Nombre/término del tipo de soporte | recurso en linea$2rdacarrier |
| 520 3# - NOTA DE RESUMEN, ETC. | |
| Sumario, etc. | El artículo parte de dos premisas: una es que las políticas de educación y ciencia tienen un lugar destacado en la agenda gubernamental y que se les destina una parte importante de los recursos públicos, lo que justifica la exigencia de transparencia y rendición de cuentas a l respecto. La segunda premisa es que la complejidad de un sistema nacional de educación y ciencia es tal, que para valorar cabalmente su calidad son radicalmente insuficientes unos ordenamientos basados en los resultados de pruebas de rendimiento aplicadas a los estudiantes, sin desconocer que tales evaluaciones pueden dar elementos importantes para valorar algunos aspectos de la calidad de un sistema educativo. la conclusión a la que se llega es que hace falta una perspectiva más completa, que solo puede ofrecer un buen sistema de indicadores educativos. Se analizan las posibilidades de este tipo de sistemas, así como sus limitaciones. |
| 653 0# - TERMINO DE INDIZACION - NO CONTROLADO | |
| Término no controlado | CALIDAD EDUCATIVA |
| 653 0# - TERMINO DE INDIZACION - NO CONTROLADO | |
| Término no controlado | INDICADORES EDUCATIVOS |
| 653 0# - TERMINO DE INDIZACION - NO CONTROLADO | |
| Término no controlado | POLITICA EDUCATIVA |
| 653 0# - TERMINO DE INDIZACION - NO CONTROLADO | |
| Término no controlado | TRANSPARENCIA |
| 856 4# - LOCALIZACIÓN Y ACCESO ELECTRÓNICOS | |
| Identificador Uniforme del Recurso | <a href="http://ntic.educacion.es/cee/revista/pdfs/n3art_felipe_martinezrizo.pdf">http://ntic.educacion.es/cee/revista/pdfs/n3art_felipe_martinezrizo.pdf</a> |
| 905 ## - TIPO DE MATERIAL | |
| Tipo de material | Articulo |
No items available.
